[Event "Rostock SSC op 13th"]
[Site "Rostock"]
[Date "2014.07.27"]
[Round "7"]
[White "Orthmann, Ralf"]
[Black "Freier, Leon Michel"]
[Result "1-0"]
[WhiteElo "1028"]
[BlackElo "844"]
[PlyCount "69"]
[EventDate "2014.07.23"]
[EventType "swiss"]
[EventRounds "7"]
[EventCountry "GER"]
[SourceTitle "EXT 2018"]
[Source "ChessBase"]
[SourceDate "2017.10.13"]
[SourceVersion "1"]
[SourceVersionDate "2017.10.13"]
[SourceQuality "1"]

1. d4 d5 2. Nf3 Nc6 3. e3 a6 4. Bd3 Nf6 5. Nbd2 g6 6. 0-0 Bg7 7. Re1 0-0 8. e4 dxe4 9. Nxe4 Nxe4 10. Bxe4 Bg4 11. d5 Bxf3 12. Qxf3 Nd4 13. Qh3 Nxc2 14. Bxc2 Qxd5 15. Bb3 Qf5 16. Qg3 Qa5 17. Re2 Rad8 18. Rb1 Rd7 19. Be3 Rfd8 20. h3 c5 21. Qf3 e6 22. Rc1 b6 23. a3 Rd3 24. Ba2 Rd1+ 25. Rxd1 Rxd1+ 26. Kh2 Bxb2 27. Rxb2 Rd7 28. Qf6 Kf8 29. Bh6+ Ke8 30. Qh8+ Ke7 31. Qf8+ Kf6 32. Bxe6 Ra7 33. Re2 Qxa3 34. Qd8+ Re7 35. Qh8# 1-0

[Event "GER-chT U10"]
[Site "Magdeburg"]
[Date "2013.12.27"]
[Round "2.2"]
[White "Freier, Leon Michel"]
[Black "Lenz, Sebastian"]
[Result "0-1"]
[WhiteElo "867"]
[BlackElo "751"]
[PlyCount "59"]
[EventDate "2013.12.27"]
[EventType "team-swiss"]
[EventRounds "5"]
[EventCountry "GER"]
[SourceTitle "EXT 2015"]
[Source "ChessBase"]
[SourceDate "2014.11.20"]
[SourceVersion "1"]
[SourceVersionDate "2014.11.20"]
[SourceQuality "1"]
[WhiteTeam "Berlin Schachunion"]
[BlackTeam "Neumarkt"]
[WhiteTeamCountry "GER"]
[BlackTeamCountry "GER"]

1. e4 e5 2. Nf3 Nc6 3. Bc4 f6 4. c3 Bc5 5. Qb3 Nge7 6. Bf7+ Kf8 7. Bh5 d5 8. exd5 Na5 9. Qb5 Bd7 10. Qxc5 b6 11. Qc4 Nxc4 12. b3 Nd6 13. c4 b5 14. cxb5 Bxb5 15. Nc3 g6 16. Bg4 Bd7 17. Bxd7 Qxd7 18. 0-0 c6 19. dxc6 Qxc6 20. Bb2 Ne4 21. Nxe4 Qxe4 22. Rac1 f5 23. Rfe1 Qg4 24. Rxe5 Rc8 25. Rxc8+ Nxc8 26. Ba3+ Kf7 27. Bc5 Re8 28. Rd5 Qe4 29. Re5 Rxe5 30. Nxe5+ 0-1